Difficult MCU Trivia Quiz - Statistics

General Stats
  • This quiz has been taken 168 times
  • The average score is 12 of 15
Answer Stats
Question Answer % Correct
Who Killed Howard And Maria Stark? Bucky Barnes
100%
What Is The Name Of The Actor Playing Spider-Man? Tom Holland
100%
What Material Is Harvested Out Of Wakanda? Vibranium
100%
Which Avenger Did Loki Manipulate Under The Mind Stone Hawkeye
94%
Whose Avenger's Father Is A Planet Star Lord
90%
Which Giant Being Put An End To Thor's Home Planet Surtur
90%
Which Actor Plays Mobius? Owen Wilson
87%
Which Infinity Stone Was Used To Kill Ronan? Power Stone
87%
Who Was The 'Hydra Parasite' Growing Inside Of S.H.I.E.L.D? Arnim Zola
84%
What Missile Did Tony Stark Showcase In Afghanistan? Jericho Missile
84%
Which Avenger Directly Tampered With Space-Time Stability? Dr Steven Strange
74%
Which Loki Distracted Alioth; Sacrificing His Life? Classic Loki
55%
What Year Was Steve Rogers Born? 1918
52%
How Many Avengers Ended Up On House Arrest, As A Result Of Captain America: Civil War 2
48%
What Year Did Hank Pym Quit His Job At S.H.I.E.L.D? 1989
35%
No matching quizzes found
Score Distribution
Percent of People with Each Score
Percentile by Number Answered
Your Score History
You have not taken this quiz